000 00534nam a2200181Ia 4500
003 GCL
008 140319s9999 xx 000 0 eng d
040 _aGCL /
_cGCL
082 0 4 _a004.678
_bI S
245 1 0 _aSECRETS OF ELECTRONIC COMMERCE :
_bA GUIDE FOR SMALL AND MEDIUM - SIZED EXPORTS
260 _aسويسرا :
_bINTERNATIONAL TRADE CENTER
300 _a32 CM ؛
_c267 P
650 0 4 _aINTERNATIONAL TRADE
650 0 4 _aINTERNET
650 0 4 _aELECTRONIC COMMERCE
650 0 4 _aFOREIGN TRADE AND EMPLOYMENT
942 _2ddc
_cBK
999 _c5732
_d5732